000 00368cam a22001337a 4500
008 180718bv.p. xxu||||| |||| 00| 0 eng d
082 _aLx54 T33
245 _aReadings on performance budgeting
_cedited by M.J.K. Thavaraj and K.B. Iyer
260 _aDelhi
_bResearch
_cv.p.
300 _a154p.
650 _aBudget
700 _aIyer, K.B.
700 _aThavaraj, M.J.K.
999 _c491789
_d491789